| 000 | 00462nam a2200133 4500 | ||
|---|---|---|---|
| 008 | 700.74 F981m | ||
| 020 | _a9789929813298 | ||
| 082 |
_a700.74 _bF981m |
||
| 100 |
_aMosquera, Gerardo (edición) _97184 |
||
| 245 | _a22 Bienal de Arte Paiz | ||
| 260 |
_aGuatemala _bFundación Paiz para la Educación y la Cultura _c2019 |
||
| 300 |
_a202 p. _bil. (col) _c23 x 24 cm |
||
| 650 |
_xarte contemporáneo _xcatálogo de exhibición _xarte - Guatemala _xarte - exhibiciones _97185 |
||
| 999 |
_c1851 _d1851 |
||